[Event "Challenge"]
[Site "http://www.queenalice.com/game.php?id=723407"]
[Date "2010.1.31"]
[Round "-"]
[White "GuiGui1993"]
[Black "Camcoelho"]
[Result "0-1"]
[WhiteElo "1923"]
[BlackElo "1946"]

1. e4 e5 2. Bc4 Nf6 3. d3 Nc6 4. Ne2 Na5 5. Nd2 Be7 6. O-O O-O 7. a3 d5 8. exd5
Nxd5 9. Bxd5 Qxd5 10. Nc3 Qd8 11. Qh5 Nc6 12. Nc4 Bf6 13. f4 exf4 14. Bxf4 Nd4
15. Ne4 Be7 16. Bg5 f6 17. Be3 Nxc2 18. Rac1 Nxe3 19. Nxe3 Qxd3 20. Nf5 Qxe4 21.
Nxe7+ Qxe7 22. Rfe1 Qf7 23. Qxf7+ Rxf7 24. Re8+ Rf8 25. Re7 c6 26. h4 Rb8 27. h5
Bg4 28. h6 gxh6 29. Rc4 f5 30. Rd4 Rf7 31. Rxf7 Kxf7 32. Rd7+ Kg8 33. Rd6 h5 34.
Kf2 Re8 35. g3 Re2+ 36. Kf1 Rxb2 37. a4 a5 38. Kg1 Rb4 39. Rd7 c5 40. Kf2 f4 41.
Rc7 Rb2+ 42. Ke1 f3 43. Rxc5 f2+ 0-1

[Event "Challenge"]
[Site "http://www.queenalice.com/game.php?id=723408"]
[Date "2010.1.31"]
[Round "-"]
[White "Camcoelho"]
[Black "GuiGui1993"]
[Result "1-0"]
[WhiteElo "1918"]
[BlackElo "1854"]

1. d4 d5 2. c4 Nc6 3. Nf3 Nf6 4. cxd5 Nxd5 5. e4 Ndb4 6. d5 Nb8 7. Qa4+ N4c6 8.
Be2 Bd7 9. dxc6 Bxc6 10. Qc2 e6 11. O-O Bd6 12. Be3 O-O 13. Nbd2 f5 14. Nd4 Bd7
15. Bc4 Qf6 16. exf5 Qh4 17. N4f3 Qf6 18. Ne4 Qxf5 19. Bd3 Qd5 20. Nxd6 cxd6 21.
Bxh7+ Kh8 22. Be4 Qb5 23. Ng5 Nc6 24. Bxc6 1-0

[Event "Challenge"]
[Site "http://www.queenalice.com/game.php?id=723409"]
[Date "2010.1.31"]
[Round "-"]
[White "Camcoelho"]
[Black "ImpostorZ"]
[Result "1-0"]
[WhiteElo "1965"]
[BlackElo "1873"]

1. d4 e6 2. c4 b6 3. Nc3 Bb7 4. e4 Bb4 5. f3 Qh4+ 6. g3 Bxc3+ 7. bxc3 Qe7 8. Nh3
Nc6 9. Qa4 h6 10. Ba3 Qd8 11. d5 Ne5 12. f4 Ng6 13. Bd3 exd5 14. exd5 Qf6 15.
O-O O-O-O 16. Nf2 Kb8 17. Ne4 Qf5 18. Qc2 h5 19. Bc5 h4 20. Ng5 Qf6 21. Bd4 Qd6
22. Nxf7 1-0

[Event "Challenge"]
[Site "http://www.queenalice.com/game.php?id=723410"]
[Date "2010.1.31"]
[Round "-"]
[White "ImpostorZ"]
[Black "Camcoelho"]
[Result "0-1"]
[WhiteElo "1891"]
[BlackElo "2021"]

1. e4 e5 2. Nf3 Nc6 3. b3 Nf6 4. d3 d5 5. exd5 Qxd5 6. Bb2 Bf5 7. Nbd2 Bc5 8. h3
O-O 9. Be2 Rad8 10. O-O Rfe8 11. Nh4 Bc8 12. Bf3 Qe6 13. Bxc6 Qxc6 14. Re1 e4
15. Bxf6 Qxf6 16. Nxe4 Rxe4 17. Rxe4 Bxf2+ 18. Kh1 Bxh4 19. Qe2 Qxa1+ 20. Kh2
Be6 21. Rxh4 b6 22. Qh5 h6 23. Qf3 Qxa2 24. Qg3 Qxc2 25. d4 a5 26. Rxh6 Rxd4 27.
Rh5 f6 28. Rh6 Rd3 0-1

[Event "Challenge"]
[Site "http://www.queenalice.com/game.php?id=725994"]
[Date "2010.2.5"]
[Round "-"]
[White "filomenos"]
[Black "Camcoelho"]
[Result "0-1"]
[WhiteElo "1897"]
[BlackElo "1884"]

1. d4 Nf6 2. Nf3 g6 3. g3 Bg7 4. Bg2 O-O 5. O-O d6 6. Bg5 c5 7. c3 Qb6 8. dxc5
Qxb2 9. Nbd2 dxc5 10. Qb3 Qxb3 11. axb3 Nd5 12. Ra5 b6 13. Ra3 f6 14. c4 Bb7 15.
Bf4 Nxf4 16. e3 Nxg2 17. Kxg2 Rd8 18. Kg1 e5 19. Ra2 e4 20. Ne1 Nc6 21. Rb2 f5
22. f3 Bxb2 0-1

[Event "Challenge"]
[Site "http://www.queenalice.com/game.php?id=734772"]
[Date "2010.2.20"]
[Round "-"]
[White "fbafelipe"]
[Black "Camcoelho"]
[Result "0-1"]
[WhiteElo "1925"]
[BlackElo "1950"]

1. e4 e5 2. Nf3 Nc6 3. Bc4 Bc5 4. d3 Nf6 5. Be3 Bxe3 6. fxe3 O-O 7. O-O Na5 8.
Bb3 d6 9. Nc3 d5 10. Nxd5 Nxb3 11. Nxf6+ Qxf6 12. axb3 Re8 13. Qe2 Qe7 14. h3
Bd7 15. Rfe1 Bc6 16. Nd2 Rad8 17. Rxa7 Qc5 18. Raa1 Qxc2 19. Nc4 Qxd3 20. Qxd3
Rxd3 21. b4 b5 22. Na5 Bxe4 23. Rac1 Rd2 24. b3 Rxg2+ 25. Kf1 Rh2 26. Rxc7 Bg2+
27. Kg1 Rh1+ 28. Kf2 Rxe1 29. Kxe1 Bxh3 30. Rb7 f6 31. Rxb5 h5 32. Kf2 Rd8 33.
Rc5 Rd2+ 34. Kg3 Bg4 35. b5 Bf5 36. b6 h4+ 37. Kxh4 Rg2 38. Rc8+ Bxc8 39. b7 Bd7
40. b8=Q+ Kf7 41. Qb7 g5+ 42. Kh5 Rh2# 0-1

[Event "Challenge"]
[Site "http://www.queenalice.com/game.php?id=734773"]
[Date "2010.2.20"]
[Round "-"]
[White "Camcoelho"]
[Black "fbafelipe"]
[Result "0-1"]
[WhiteElo "1968"]
[BlackElo "1907"]

1. d4 d5 2. c4 e6 3. Nc3 Nf6 4. Bg5 Be7 5. e3 h6 6. Bxf6 Bxf6 7. Nf3 Nc6 8. Be2
O-O 9. O-O a6 10. Rc1 Bd7 11. cxd5 Nb4 12. e4 exd5 13. e5 Bg5 14. Nxg5 Qxg5 15.
a3 Nc6 16. Nxd5 Na7 17. Rxc7 Bc6 18. Ne7+ Kh8 19. Bf3 Rfe8 20. Nxc6 Nxc6 21.
Rxb7 Ne7 22. g3 Rad8 23. Be4 f5 24. f4 Qg6 25. Bg2 Nd5 26. Qb3 Qe6 27. Rc1 g5
28. fxg5 hxg5 29. Rc5 Nf6 30. Qxe6 Rxe6 0-1

[Event "Challenge"]
[Site "http://www.queenalice.com/game.php?id=734774"]
[Date "2010.2.20"]
[Round "-"]
[White "Camcoelho"]
[Black "DTG"]
[Result "1-0"]
[WhiteElo "2047"]
[BlackElo "1987"]

1. d4 d5 2. c4 Nf6 3. Nf3 e6 4. Nc3 Be7 5. Bg5 b6 6. e3 Nbd7 7. Bxf6 Nxf6 8.
cxd5 Nxd5 9. Bb5+ Bd7 10. Bxd7+ Qxd7 11. Ne5 Qd6 12. O-O Nxc3 13. bxc3 Bf6 14.
Qa4+ Ke7 15. Nc6+ Kf8 16. c4 g6 17. Rad1 Kg7 18. e4 Qf4 19. e5 Bg5 20. d5 exd5
21. Rd4 Qf5 22. cxd5 Rhe8 23. Re1 Qd7 24. Rd3 a5 25. Rg3 Bd2 26. Qd4 Bb4 27. Re4
Bc5 28. Qc4 Kg8 29. Rf3 Rf8 30. Ref4 Rae8 31. Rf6 Be7 32. Rxf7 Rxf7 33. Rxf7 Kh8
34. e6 1-0

[Event "Challenge"]
[Site "http://www.queenalice.com/game.php?id=734775"]
[Date "2010.2.20"]
[Round "-"]
[White "DTG"]
[Black "Camcoelho"]
[Result "0-1"]
[WhiteElo "2002"]
[BlackElo "2032"]

1. e4 e5 2. Nf3 Nc6 3. Bc4 Nf6 4. d3 Be7 5. Bg5 Na5 6. Bb5 c6 7. Ba4 b5 8. Bb3
O-O 9. c3 Nxb3 10. axb3 d5 11. Nbd2 dxe4 12. Nxe4 Nxe4 13. Bxe7 Qxe7 14. dxe4
Rd8 15. Qe2 Be6 16. c4 Qb4+ 17. Nd2 bxc4 18. Ra4 Qb5 19. O-O c3 20. Nc4 Qxb3 0-1

[Event "Challenge"]
[Site "http://www.queenalice.com/game.php?id=745865"]
[Date "2010.3.14"]
[Round "-"]
[White "Richardlim"]
[Black "Camcoelho"]
[Result "1-0"]
[WhiteElo "2228"]
[BlackElo "2114"]

1. e4 e5 2. Nf3 Nc6 3. Bb5 a6 4. Ba4 Nf6 5. O-O Be7 6. Re1 b5 7. Bb3 O-O 8. h3
Bb7 9. d3 a5 10. a4 b4 11. Nbd2 Bc5 12. c3 d6 13. Nf1 bxc3 14. bxc3 d5 15. exd5
Nxd5 16. Qc2 Nxc3 17. Qxc3 Bb4 18. Qc4 Bxe1 19. Nxe1 Nd4 20. Ba3 Nxb3 21. Qxb3
Bd5 22. Qc3 Re8 23. Ne3 Qd7 24. Nxd5 Qxd5 25. Rb1 c6 26. Rb6 Rec8 27. Nf3 f6 28.
d4 Rab8 29. Rxb8 Rxb8 30. dxe5 Rb3 31. Qc5 Qxc5 32. Bxc5 fxe5 33. Nxe5 Rb1+ 34.
Kh2 Ra1 35. Nxc6 Rxa4 36. Bb6 Ra2 37. Nxa5 Kf7 38. Nc6 Rc2 39. Ne5+ Ke6 40. Nf3
Kd5 41. h4 Rc4 42. h5 Rf4 43. Kh3 Rc4 44. Be3 Rc2 45. Ng5 Rc8 46. g4 Rh8 47. Kg3
Kc4 48. Bc1 h6 49. Ne6 Rg8 50. f4 g6 51. hxg6 Rxg6 52. f5 Rf6 53. Kf4 Kd5 54.
Nc7+ Kc6 55. Ke5 Rf7 56. Ne6 Rh7 57. f6 Ra7 58. f7 1-0

[Event "paloberto"]
[Site "http://www.queenalice.com/game.php?id=746713"]
[Date "2010.3.15"]
[Round "2"]
[White "cesargarcia"]
[Black "Camcoelho"]
[Result "1-0"]
[WhiteElo "2290"]
[BlackElo "2121"]

1. d4 Nf6 2. Nf3 e6 3. g3 b6 4. Bg2 Bb7 5. O-O Be7 6. Nc3 O-O 7. Bf4 d5 8. Nb5
Na6 9. a3 c5 10. c3 Nh5 11. Be3 Nc7 12. a4 Nf6 13. Qc2 Nce8 14. Ne5 a6 15. Na3
Nd6 16. dxc5 Nf5 17. c6 Nxe3 18. fxe3 Bc8 19. c4 Qc7 20. Qc3 Bd6 21. Nd3 Ne4 22.
Qd4 Qxc6 23. Rac1 Qxa4 24. Bxe4 Bxa3 25. cxd5 Qxd4 26. exd4 f5 27. Bg2 Bd6 28.
dxe6 Rb8 29. Bd5 Bb7 30. Bxb7 Rxb7 31. Rc6 Bb8 32. d5 Rc7 33. Rfc1 Rfc8 34. d6
1-0

[Event "Challenge"]
[Site "http://www.queenalice.com/game.php?id=756514"]
[Date "2010.4.5"]
[Round "-"]
[White "Camcoelho"]
[Black "KLEOJ"]
[Result "1-0"]
[WhiteElo "2061"]
[BlackElo "2104"]

1. d4 d5 2. c4 Nc6 3. Nf3 Bg4 4. cxd5 Bxf3 5. gxf3 Qxd5 6. e3 e5 7. Nc3 Bb4 8.
Bd2 Bxc3 9. bxc3 Qd6 10. Rg1 g6 11. Qb3 Nge7 12. f4 exf4 13. e4 O-O 14. Be2 Na5
15. Qa4 b6 16. f3 Nec6 17. Rd1 a6 18. Qc2 Rfe8 19. Rg4 Re7 20. Bxf4 Qd7 21. h4
h5 22. Rg3 b5 23. Kf2 b4 24. d5 Ne5 25. cxb4 Nb7 26. Rc1 Qd6 27. Qd2 a5 28. Rg5
Qb6+ 29. Kg2 Rae8 30. bxa5 Nxa5 31. Qc3 f6 32. Be3 Qd6 33. Bc5 Qd7 34. Rxe5 Rxe5
35. Qxa5 Rxe4 36. fxe4 Rxe4 37. Qd2 Rxh4 38. Qd3 Qe8 39. Rc4 1-0

[Event "Challenge"]
[Site "http://www.queenalice.com/game.php?id=756621"]
[Date "2010.4.5"]
[Round "-"]
[White "KLEOJ"]
[Black "Camcoelho"]
[Result "0-1"]
[WhiteElo "2100"]
[BlackElo "2079"]

1. Nc3 c5 2. e4 Nc6 3. f4 g6 4. Nf3 Bg7 5. Be2 d6 6. O-O e6 7. d3 Nge7 8. Ng5
O-O 9. g4 Nd4 10. f5 exf5 11. gxf5 gxf5 12. exf5 Bxf5 13. Bh5 Bg6 14. Nce4 h6
15. Nh3 d5 16. Nf6+ Bxf6 17. Rxf6 Nef5 18. Rxf5 Nxf5 19. Qf3 Qh4 20. Bxg6 Qe1+
21. Qf1 Qxf1+ 22. Kxf1 fxg6 23. Kg1 Rae8 24. Bd2 Re2 25. Rd1 g5 26. Kh1 d4 27.
Ng1 Ne3 28. Bxe3 Rxe3 29. Kg2 g4 30. Rf1 Rxf1 31. Kxf1 h5 32. Kf2 h4 33. Ne2 Kf7
34. a4 a5 35. Nc1 g3+ 36. hxg3 h3 37. Nb3 b6 38. Nc1 h2 39. Kg2 h1=Q+ 40. Kxh1
Re1+ 0-1

[Event "Challenge"]
[Site "http://www.queenalice.com/game.php?id=756827"]
[Date "2010.4.5"]
[Round "-"]
[White "waldi"]
[Black "Camcoelho"]
[Result "0-1"]
[WhiteElo "1853"]
[BlackElo "2122"]

1. d4 d5 2. c4 e6 3. Nc3 Nf6 4. Bg5 Bb4 5. Qa4+ Nc6 6. Nf3 Bd7 7. Qb3 h6 8. Bh4
g5 9. Bg3 g4 10. Ne5 Nxd4 11. Qxb4 Nc2+ 12. Kd2 Nxb4 13. a3 Na6 14. cxd5 exd5
15. Bh4 Ne4+ 16. Nxe4 Qxh4 17. Nxd7 Kxd7 18. Ng3 Qf6 0-1

[Event "Challenge"]
[Site "http://www.queenalice.com/game.php?id=769621"]
[Date "2010.5.2"]
[Round "-"]
[White "babycrocket"]
[Black "Camcoelho"]
[Result "0-1"]
[WhiteElo "1510"]
[BlackElo "2105"]

1. d4 Nf6 2. c4 g6 3. Nc3 Bg7 4. e4 d6 5. h3 O-O 6. Nf3 Nbd7 7. Bd3 e5 8. d5 Nc5
9. Bc2 a6 10. O-O a5 11. Re1 c6 12. Bg5 h6 13. Be3 cxd5 14. cxd5 Qc7 15. a3 Bd7
16. Rc1 Rfc8 17. b4 axb4 18. axb4 Na6 19. Ba4 Nxb4 20. Nb5 Qa5 21. Rxc8+ Rxc8
22. Nxd6 Bxa4 23. Qxa4 Qxa4 24. Nxc8 Nc2 25. Nb6 Qb4 0-1

[Event "paloberto"]
[Site "http://www.queenalice.com/game.php?id=790349"]
[Date "2010.6.15"]
[Round "3"]
[White "jw16js"]
[Black "Camcoelho"]
[Result "0-1"]
[WhiteElo "1364"]
[BlackElo "2106"]

1. e4 e5 2. d4 exd4 3. Qxd4 Nc6 4. Qe3 Nf6 5. Bc4 b6 6. Nc3 Bc5 7. Qg3 O-O 8.
Bh6 Nh5 9. Qg5 Qxg5 10. Bxg5 h6 11. Bd2 Bb7 12. g4 Nf6 13. h3 Rae8 14. a3 Nxe4
15. Nxe4 Rxe4+ 16. Be2 Nd4 17. b4 Nxc2+ 18. Kf1 Nxa1 19. Bf3 Nb3 20. Bc3 Bd4 21.
Be1 Rxe1+ 22. Kxe1 Re8+ 23. Kd1 c6 24. Rh2 Be5 25. Rg2 Re6 26. Be2 Rd6+ 27. Kc2
Rd2+ 28. Kb1 Rb2# 0-1

[Event "Challenge"]
[Site "http://www.queenalice.com/game.php?id=794824"]
[Date "2010.6.25"]
[Round "-"]
[White "eddval"]
[Black "Camcoelho"]
[Result "0-1"]
[WhiteElo "2155"]
[BlackElo "2109"]

1. e4 e5 2. Nf3 Nc6 3. d4 exd4 4. Nxd4 Bc5 5. Be3 Qf6 6. c3 Nge7 7. Bc4 O-O 8.
O-O Ng6 9. f4 d6 10. Na3 Bd7 11. Nac2 Rae8 12. Bd3 Bb6 13. Qf3 Qh4 14. Rae1 Nxd4
15. Bxd4 c5 16. Be3 Bc6 17. c4 f5 18. Bd2 Ne5 19. fxe5 fxe4 20. Qe3 exd3 21.
Qxd3 Rxf1+ 22. Rxf1 Be4 23. Qc3 dxe5 24. Ne3 Qg5 25. Rf2 Qd8 26. Ng4 Qd4 27. Qg3
Rf8 28. h3 Rxf2 29. Nxf2 Qxd2 30. Nxe4 Qd4+ 31. Nf2 e4 32. Qg4 e3 33. Qxd4 cxd4
34. Nd3 Kf7 35. g4 Kg6 36. Kg2 Kg5 37. Kf3 Kh4 38. Kg2 h5 39. gxh5 Kxh5 40. b4
Bc7 41. Kf3 Kh4 42. Ke4 Bg3 43. c5 e2 44. b5 e1=Q+ 45. Nxe1 Bxe1 46. c6 bxc6 47.
bxc6 Ba5 48. Kxd4 Kxh3 49. Kc5 g5 50. Kb5 Bb6 51. Ka6 g4 52. a4 g3 53. Kb7 g2
54. c7 Bxc7 55. Kxc7 g1=Q 56. Kb7 Qb6+ 57. Ka8 Kg4 58. a5 Qc7 0-1

[Event "paloberto"]
[Site "http://www.queenalice.com/game.php?id=814190"]
[Date "2010.8.6"]
[Round "4"]
[White "Camcoelho"]
[Black "fbenevides"]
[Result "1-0"]
[WhiteElo "2107"]
[BlackElo "1776"]

1. d4 d5 2. c4 dxc4 3. Nf3 Be6 4. e4 Bg4 5. Bxc4 Bxf3 6. Qxf3 e6 7. d5 e5 8. Qb3
b6 9. O-O Bd6 10. Bb5+ Nd7 11. Qg3 Bf8 12. Qxe5+ Ne7 13. Bc6 h6 14. Na3 a6 15.
d6 cxd6 16. Nc4 dxe5 17. Nd6# 1-0

[Event "Challenge"]
[Site "http://www.queenalice.com/game.php?id=896255"]
[Date "2011.2.5"]
[Round "-"]
[White "thiagobrumchess"]
[Black "Camcoelho"]
[Result "0-1"]
[WhiteElo "1737"]
[BlackElo "2126"]

1. d4 Nf6 2. c4 g6 3. Nc3 Bg7 4. e4 d6 5. Nf3 O-O 6. Bd3 c6 7. O-O e5 8. d5 Na6
9. a3 Nc5 10. Bc2 cxd5 11. exd5 e4 12. Nd2 Re8 13. Ndxe4 Ncxe4 14. Bd2 Nxd2 15.
Qxd2 Bd7 16. Rae1 Qb6 17. b3 Ng4 18. h3 Bxc3 19. Qxc3 Rxe1 20. Qxe1 Re8 21. Qd2
Nf6 22. Qc3 Ne4 23. Bxe4 Rxe4 24. Kh1 Qd4 25. Qc2 Bf5 26. Qd1 Qxd1 27. Rxd1 Re2
28. Kg1 Bc2 29. Rd4 Bxb3 30. c5 dxc5 31. Rd3 c4 32. Rc3 Rd2 33. Re3 Rxd5 34.
Re8+ Kg7 35. Re7 c3 36. Rxb7 c2 37. Rc7 Rd1+ 38. Kh2 c1=Q 39. Rxa7 Qf4+ 40. g3
Qxf2# 0-1

[Event "Challenge"]
[Site "http://www.queenalice.com/game.php?id=974013"]
[Date "2011.8.18"]
[Round "-"]
[White "Richardlim"]
[Black "Camcoelho"]
[Result "1-0"]
[WhiteElo "2220"]
[BlackElo "2127"]

1. c4 c5 2. Nc3 Nc6 3. g3 g6 4. Bg2 Bg7 5. Nf3 Nf6 6. O-O O-O 7. d4 cxd4 8. Nxd4
Nxd4 9. Qxd4 d6 10. Qd3 Bf5 11. Qd1 Rc8 12. Bxb7 Rxc4 13. Bg2 Qb8 14. f3 Qb6+
15. Kh1 d5 16. Nxd5 Nxd5 17. Qxd5 Be6 18. Qd3 Rd8 19. Qa3 Rc2 20. Be3 Bd4 21.
Bxd4 Rxd4 22. Rfe1 Rdd2 23. Qxe7 Rxe2 24. Rxe2 Rxe2 25. Rg1 Qxb2 26. g4 Bd5 27.
Qd8+ Kg7 28. Qxd5 Qxa2 29. Qd4+ Kg8 30. Rc1 1-0